000 00519nam a2200181Ia 4500
999 _c14355
_d14355
003 OSt
005 20201028121548.0
008 190216s9999||||xx |||||||||||||| ||und||
020 _a9780143029267
040 _coclc
082 _a891.4435
_bCHA/D
100 _aChattopadhyay, Saratchandra
_96145
245 0 _aDevdas /
_cSaratchandra Chattopadhyay
260 _bPenguin Books,
_aNew Delhi:
_c2002.
300 _a128p
650 _aEnglish
942 _cBK
_2ddc
_h891.4435
_iCHA/D
_k891.4435
_mCHA/D